LIBRARY & INFORMATION CENTRE, KCAET, TAVANUR

ONLINE PUBLIC ACCESS CATALOGUE (OPAC)

Practical fiber optics / (Record no. 13304)

MARC details
000 -LEADER
fixed length control field 00388cam a2200157ua 4500
003 - CONTROL NUMBER IDENTIFIER
control field OSt
008 - FIXED-LENGTH DATA ELEMENTS--GENERAL INFORMATION
fixed length control field 250101b |||||||| |||| 00| 0 eng d
041 ## - LANGUAGE CODE
Language code of text/sound track or separate title eng
082 ## - DEWEY DECIMAL CLASSIFICATION NUMBER
Classification number 621.3692
Item number BAI/PR
100 ## - MAIN ENTRY--AUTHOR NAME
Personal name Bailey, David .
245 ## - TITLE STATEMENT
Title Practical fiber optics /
260 ## - PUBLICATION, DISTRIBUTION, ETC. (IMPRINT)
Place of publication Burlington :
Name of publisher Newness ,
Year of publication 2006.
300 ## - PHYSICAL DESCRIPTION
Number of Pages 300 ; .
700 1# - ADDED ENTRY--PERSONAL NAME
Personal name Wright, Edwin .
942 ## - ADDED ENTRY ELEMENTS (KOHA)
Koha item type Books
Holdings
Withdrawn status Lost status Damaged status Home library Current library Date acquired Full call number Accession Number Koha item type
      KAUAET KAUAET 07/04/2012 621.3692 BAI/PR 21918 Books
free website counter